00509nam a2200169Ia 4500003000900000008004100009020001800050040001600068080002200084110003200106245008000138260003500218300001600253650004100269650001500310650001400325IN-BaIIA211028s9999 xx 000 0 eng d a0-08-020566-6 cIIA Library a063:523.34bLSI-3 aThe Lunar Science Institute 0aPhysical Studiesbvol. 3cThe Lunar Science Institute  aNew YorkbPergamon Pressc1975 a2427-3637p. aAstronomy and Astrophysics Thesaurus aMineralogy aPetrology